UBT Library

Determination of pH; (Record no. 44961)

000 -LEADER
fixed length control field 00657cam a2200241 4500
001 - CONTROL NUMBER
control field 1714920
005 - DATE AND TIME OF LATEST TRANSACTION
control field 20180314045531.0
008 - FIXED-LENGTH DATA ELEMENTS--GENERAL INFORMATION
fixed length control field 720915s1973 nyua b 001 0 eng
010 ## - LIBRARY OF CONGRESS CONTROL NUMBER
LC control number 72008779
020 ## - INTERNATIONAL STANDARD BOOK NUMBER
International Standard Book Number 0471056472
040 ## - CATALOGING SOURCE
Original cataloging agency DLC
Transcribing agency DLC
Modifying agency DLC
-- ICU
041 ## - LANGUAGE CODE
Language code of text/sound track or separate title eng
060 ## - NATIONAL LIBRARY OF MEDICINE CALL NUMBER
Classification number QD561 B329d 1973
080 ## - UNIVERSAL DECIMAL CLASSIFICATION NUMBER
Universal Decimal Classification number 541.3728
082 00 - DEWEY DECIMAL CLASSIFICATION NUMBER
Classification number 541.3728 BAT
100 1# - Rafti
Rafti 12
101 ## - Shkurtesa
Shkurtesa KIM
240 10 - UNIFORM TITLE
Uniform title <a href="Electrometric pH determinations.">Electrometric pH determinations.</a>
245 10 - TITLE STATEMENT
Title Determination of pH;
Statement of responsibility, etc [by] Roger G. Bates.
504 ## - BIBLIOGRAPHY, ETC. NOTE
Bibliography, etc Includes bibliographical references.
906 ## - LOCAL DATA ELEMENT F, LDF (RLIN)
a 7
b cbc
c orignew
d 1
e ocip
f 19
g y-gencatlg
942 ## - ADDED ENTRY ELEMENTS (KOHA)
Source of classification or shelving scheme
Item type Books
Holdings
Withdrawn status Lost status Source of classification or shelving scheme Damaged status Not for loan Collection code Permanent location Current location Shelving location Date acquired Total Checkouts Full call number Barcode Date last seen Price effective from Koha item type
          Koleksioni i përgjithshem UBT - Lipjan UBT - Lipjan Koleksioni i lëndeve mesimore 03/14/2018   541.3728 BAT 002-3002151 03/14/2018 03/14/2018 Books
UBT Library © 2015-2024. All rights reserved University Education for Business and Technology